Historia urbana de León y Castilla en la Edad Media : (Record n. 5437)

Dettagli MARC
000 -LEADER
fixed length control field 00961nam a2200277 i 4500
003 - CONTROL NUMBER IDENTIFIER
control field IT-RoINE
005 - DATE AND TIME OF LATEST TRANSACTION
control field 20200504104828.0
008 - FIXED-LENGTH DATA ELEMENTS--GENERAL INFORMATION
fixed length control field 791203s1979 sp e r 001 spa d
020 ## - INTERNATIONAL STANDARD BOOK NUMBER
International Standard Book Number 8432303534
040 ## - CATALOGING SOURCE
Original cataloging agency IBH
Language of cataloging spa
Transcribing agency IT-RoINE
Description conventions rdc
041 1# - LANGUAGE CODE
Language code of text/sound track or separate title spa
Language code of original and/or intermediate translations of text fre
100 1# - MAIN ENTRY--PERSONAL NAME
Personal name Gautier Dalché, Jean,
9 (RLIN) 10992
Dates associated with a name 1913-2010
245 10 - TITLE STATEMENT
Title Historia urbana de León y Castilla en la Edad Media :
Remainder of title (siglos IX-XIII) /
Statement of responsibility, etc por Jean Gautier Dalché ; [traducción de Encarnación Pérez Sedeño].
260 ## - PUBLICATION, DISTRIBUTION, ETC. (IMPRINT)
Place of publication, distribution, etc Madrid [etc.] :
Name of publisher, distributor, etc Siglo XXI de España,
Date of publication, distribution, etc 1979.
300 ## - PHYSICAL DESCRIPTION
Extent 470 p. :
Other physical details plan. ;
Dimensions 21 cm.
336 ## - CONTENT TYPE
Source rdacontent
Content type term text
337 ## - MEDIA TYPE
Source rdamedia
Media type term unmediated
338 ## - CARRIER TYPE
Source rdacarrier
Carrier type term volume
490 0# - SERIES STATEMENT
Series statement Historia
500 ## - GENERAL NOTE
General note Incluye índice
504 ## - BIBLIOGRAPHY, ETC. NOTE
Bibliography, etc Bibliografía : p. 466-470.
651 #4 - SUBJECT ADDED ENTRY--GEOGRAPHIC NAME
Geographic name España
General subdivision Historia
Chronological subdivision 414-1474 (Edad media)
9 (RLIN) 7706
700 1# - ADDED ENTRY--PERSONAL NAME
Personal name Pérez Sedeño, Encarnación
9 (RLIN) 11579
830 ## - SERIES ADDED ENTRY--UNIFORM TITLE
9 (RLIN) 8555
Uniform title Historia (Siglo XXI)
942 ## - ADDED ENTRY ELEMENTS (KOHA)
Item type Monografías
Dati di copia
Withdrawn status Lost status Damaged status Not for loan Home library Current library Date acquired Total Checkouts Full call number Barcode Date last seen Price effective from Koha item type
        Iglesia Nacional Española en Roma Iglesia Nacional Española en Roma 10/09/2014   HIS.ESP.2. 224 6627 10/09/2014 10/09/2014 Monografías